00246nam a2200097Ia 4500008004100000100002000041245002700061260003200088300000800120650002000128190216s9999||||xx |||||||||||||| ||und|| aRadhakrishnan C 0aPuzhamuthal Puzha Vare bPoorna Pubs Kozhikodec1987 a424 aNovel Malayalam